عرض عادي عرض مارك
  • Cognitive radio networks.

مدخل مصطلح موضوعي

عدد التسجيلات المستخدمة في: 1

001 - رقم الضبط

  • حقل الضبط: 36482

003 - معرف رقم الضبط

  • حقل الضبط: OSt

005 - تاريخ ووقت أخر عملية

  • حقل الضبط: 20130805142649.0

008 - عناصر بيانات ثابتة الطول

  • حقل تحكم ثابت الطول: 130805|||a|||||| | ||| d

040 ## - مصدر الفهرسة

  • هيئة الفهرسة الأصلية: OSt
  • وكالة الكتابة: OSt

150 ## - مدخل-- مصطلح تاريخي

  • عنصر مدخل المصطلح الموضوعي او الاسم الجغرافي: Cognitive radio networks.

670 ## - بيانات المصدر موجوده

  • الاستشهاد بالمصدر: Work cat.: (OSt)0: Sithamparanathan, Kandeepan. 36481, Cognitive radio techniques :, c2012.